000
00192 a2200097 4500
020
_a
9788434822832
041
_a
spa
100
_a
Alfredo Gomez Cerda
245
_a
Nano y Esmeralda
942
_c
K
999
_c
27322
_d
27322